000 00443nam a22001337a 4500
020 _qHB.
040 _cFIZZA ISHAQ
082 _a791.4372
_bNOV
100 _aWilliam Novak, Thomas P. O'Neill.
_9134374
245 _aMan of the House: The Life and Political Memoirs of Speaker Tip O'Neill /
_cThomas P. O'Neill , William Novak.
260 _aNew York :
_bRandom House,
_c1987.
300 _a387 P. ;
_c 9.57 x 6.3 x 1.5 inches
942 _2ddc
_cBK
999 _c617352
_d617352